| 000 | 00647nam a22001937a 4500 | ||
|---|---|---|---|
| 003 | OSt | ||
| 005 | 20140310181712.0 | ||
| 008 | 121210t xxu||||| |||| 00| 0 eng d | ||
| 020 | _a9718927026 | ||
| 050 |
_aDS 686 _b.R175 1995 |
||
| 082 |
_aFIL 320.9599 _bR14 1995 |
||
| 100 | _aRamos, Fidel | ||
| 245 |
_aFrom growth to modernization : _c Fidel V. Ramos _braising the political capacity and strengthening the social commitments of the Philippine state / |
||
| 260 |
_aManila : _bBy the Friends of Steady Eddie, _c1995. |
||
| 300 |
_a304 p. : _c23 cm. |
||
| 650 |
_aPhilippines _xGrowth _xModernization |
||
| 942 |
_2lcc _cBK _kFIL |
||
| 999 |
_c1589 _d1589 |
||